| 000 | 01041nam a22003497a 4500 | ||
|---|---|---|---|
| 001 | BR7803331 | ||
| 003 | BR-BrBNA | ||
| 005 | 20230928085615.0 | ||
| 007 | ta | ||
| 008 | 230509b bl.||||| |||| 00| 0 por d | ||
| 040 |
_aBR-BrBNA _bpor _cBiblioteca Nacional de Agricultura |
||
| 041 | _a(Por) | ||
| 072 |
_aF10; F00; F26 _b/G514 |
||
| 090 | _ F10 BR7803331 | ||
| 100 | 1 | _aAlmeida, A.G. | |
| 100 | 1 | _aMarcantonio, R. | |
| 100 | 1 | _aGomes, J. de M. | |
| 100 | 1 | _aLimberg, M. | |
| 110 | 1 |
_aCoordenadoria Estadual de Planejamento Agricola, Porto Alegre, RS (Brasil) _92991 |
|
| 245 | 1 | _aZoneamento agricola; indicacao de culturas e disponibilidade de solo a nivel de municipio [Rio Grande do Sul, Brasil] | |
| 260 | 3 |
_aPorto Alegre, RS (Brasil): _c1978. |
|
| 300 | _a299 p. | ||
| 500 | _aNumerical data | ||
| 650 | _aZONEAMENTO AGRICOLA | ||
| 650 | _aFRUTA | ||
| 650 | _aFORRAGEM | ||
| 650 | _aCEREAL | ||
| 650 | _aCLIMA TEMPERADO | ||
| 650 | _aRIO GRANDE DO SUL | ||
| 909 |
_a202309 _bLucia _c55 _dLucia Elande |
||
| 942 | _cBK | ||
| 999 |
_c25350 _d25350 |
||